International trade, growth and public finance / (Record no. 165999)

MARC details
000 -LEADER
fixed length control field 00654nam a22001937a 4500
005 - DATE AND TIME OF LATEST TRANSACTION
control field 20190709164512.0
010 ## - LCCN (DPL NO)
LC control number ENG-125871
020 ## - INTERNATIONAL STANDARD BOOK NUMBER
International Standard Book Number 9789386761750
Terms of availability 1995.00
035 ## - SYSTEM CONTROL NUMBER
System control number EN-109403
037 ## - SOURCE OF ACQUISITION
Source of stock number/acquisition DBAD/PUB
082 ## - DEWEY DECIMAL CLASSIFICATION NUMBER
Classification number 382
100 ## - MAIN ENTRY--PERSONAL NAME
Personal name Agarwal, Shobha
245 ## - TITLE STATEMENT
Title International trade, growth and public finance /
Statement of responsibility, etc by Shobha Agarwal [and] H.S. Agarwal
260 ## - PUBLICATION, DISTRIBUTION, ETC. (IMPRINT)
Place of publication, distribution, etc New Delhi
Name of publisher, distributor, etc Ane Books
Date of publication, distribution, etc 2018
270 ## - ADDRESS
Address 4821, Parwana Bhawan, 1st Floor, 24 Ansari Road, Daryaganj
City New Delhi
Postal code 110002
Telephone number 011-23276843-44
Electronic mail address kapoor@anebooks.com
300 ## - PHYSICAL DESCRIPTION
Extent vi,383p.
Dimensions 24cm(Hb)
700 ## - ADDED ENTRY--PERSONAL NAME
Personal name Agarwal, H.S.
942 ## - ADDED ENTRY ELEMENTS (KOHA)
Source of classification or shelving scheme Dewey Decimal Classification
Item type English Books
Classification part 382
Call number suffix AGA
Holdings
Withdrawn status Lost status Not for loan Collection code Home library Current library Date acquired Source of acquisition Cost, normal purchase price Full call number Barcode Copy number Cost, replacement price Koha item type
      Non-fiction Vinoba Puri Vinoba Puri 09/07/2019 DBAD/PUB 1995.00 382 AGA EN-109403 1 1995.00 English Books

© Delhi Public Library
Hit Counter
free hit counter